000 01010nam a22002657a 4500
003 BD-DhSAU
005 20190804123827.0
008 151014b2017 bg ||||| |||| 001 0 eng d
040 _aBD-DhSAU
082 _222
_a571.92
_bSa44
100 _aSamdani , Kazi Aktar
_eRegistration No: 11-04435
245 _a Management of Bacterial Wilt of Potato (RalstoniaSolanacearum) by Soil Amendments /
_bMS Thesis
_cSamdani , Kazi Aktar
260 _aSher-e- Bangla Agricultural University :
_bDepartment of Plant Pathology,
_c2017
300 _aviii, 50 p. :
_bill. ;
_c30 cm.
504 _aIncludes Bibliographic Reference
590 _aShofi
650 _aPlant Pathology
_2
650 _aBacterial Wilt
650 _aPotato (Ralstonia Solanacearum)
650 _aSoil Amendments
700 _a Chowdhury , M. Salahuddin M.
_eSupervisor
700 _a Begum , Fatema
_eCo-Supervisor
856 _uhttp://archive.saulibrary.edu.bd:8080/xmlui/handle/123456789/298
_yOnline Access
942 _2ddc
_cTHESIS
999 _c14381
_d14380